| Tag |
First Indicator |
Second Indicator |
Subfields |
| LEADER |
00000cam a2200000 4500 |
| 001 |
in00000063369 |
| 005 |
20151008051741.0 |
| 008 |
720207s1958 cauab b 00000 eng u |
| 010 |
|
|
|a 59002914
|
| 035 |
|
|
|a (OCoLC)00235098
|
| 035 |
|
|
|9 AAG9772AM
|
| 040 |
|
|
|c WSU
|d TXA
|d UtOrBLW
|
| 049 |
|
|
|a TXAM
|c [314141]
|
| 050 |
|
0 |
|a HC187
|b .D3
|
| 092 |
|
|
|a 330.981
|b D139b
|
| 100 |
1 |
|
|a Dale, William B.
|
| 245 |
1 |
0 |
|a Brazil :
|b factors affecting foreign investment.
|
| 264 |
|
1 |
|a Menlo Park, Calif. :
|b International Industrial Development Center, Stanford Research Institute,
|c [1958]
|
| 300 |
|
|
|a 75 pages
|
| 336 |
|
|
|a text
|b txt
|2 rdacontent
|
| 337 |
|
|
|a unmediated
|b n
|2 rdamedia
|
| 338 |
|
|
|a volume
|b nc
|2 rdacarrier
|
| 490 |
0 |
|
|a International comparative studies. Investment series, 1
|
| 504 |
|
|
|a Bibliography: page 75.
|
| 651 |
|
0 |
|a Brazil
|x Economic conditions
|y 1918-
|
| 999 |
|
|
|a MARS
|
| 999 |
f |
f |
|s c8c05afe-1e9a-38ab-aab2-0b32602cee34
|i a14b965f-f0b6-30cb-b4ca-6da8972f4bc2
|t 0
|
| 952 |
f |
f |
|p ric
|a Texas A&M University
|b Rellis Campus
|c Joint Library Facility
|d Remote Storage
|t 0
|e HC187 .D3
|h Library of Congress classification
|i unmediated -- volume
|m A14800710408
|
| 998 |
f |
f |
|a HC187 .D3
|t 0
|l Remote Storage
|